000 01344nam0a2200337 4500
001 RU\NLR\BIBL_A\011305603
005 20250626041315.0
010 _a978-5-98340-264-5
_9260
021 _aRU
_b2016-94749
_96277
035 _a(NLR Aleph) 011305603
090 _a10994386
_c10994386
100 _a20170109d2011 |||y0rusy50 ca
101 0 _aeng
102 _aRU
105 _aa z 100zy
200 1 _aInternational student conference "Science and progress", St. Petersburg - Peterhof, November, 14-18, 2011
_econference abstracts
210 _aSt. Petersburg
_cSOLO
_d2011
215 _a277 с.
_cил.
_d20
225 1 _aScience & progress
300 _aНа тит. л. и обл.: DAAD, С.-Петерб. гос. ун-т, Germ.-Russ. interdisciplinary science center [etc.]
320 _aБиблиогр. в конце ст.
606 1 _aХимия
_jСъезды, совещания и т.п
_9898913
_3RU\NLR\AUTH\666296
606 1 _aФизика
_jСъезды, совещания и т.п
_9898198
_3RU\NLR\AUTH\665898
686 1 _aГ.я431(0)
686 1 _aВ3я431(0)
710 1 2 _7ba
_8eng
_a"Science and progress", international student conference
_eSaint-Petersburg
_f2011
_9545164
_3RU\NLR\AUTH\880440491
942 _cBOOK
980 _aNB